| 000 | 00584nam a22001817a 4500 | ||
|---|---|---|---|
| 005 | 20251108165537.0 | ||
| 008 | 250721s1990 xx 000 0 ara d | ||
| 082 | 1 | 4 | _aم/920.056/غزى |
| 100 | 1 | _aالغزى، أبو المعالي شمس الدين محمد بن عبد الرحمن | |
| 245 | 1 | 0 | _aديوان الإسلام / |
| 264 | 1 |
_aبيروت : _bدار الكتب العلمية، _c1990. |
|
| 300 | _a4ج : فهارس | ||
| 650 | 1 | 7 | _aالعرب |
| 650 | 1 | 7 | _aالتراجم |
| 700 | 1 |
_aحسن، سيد كسروي _eتحقيق |
|
| 942 |
_2ddc _cREF |
||
| 999 |
_c30400 _d30400 |
||